000 00654nam a2200229Ia 4500
003 OSt
005 20220926012125.0
006 a|||||r|||| 00| 0
007 ta
008 220923b |||||||| |||| 00| 0 eng d
020 _a0465093841
037 _cGeneral Book
040 _aRTL
_cRTL
_beng
041 _2eng
_aeng
082 _aYoaX, M0/SC
100 _aTHUROW Lester C
_9132296
245 0 _aZero-sum society distribution and the possibilities for economic change.
260 _aNew York
_bBasic Books
_c1980
300 _av,230p.
_ccm.
942 _hYoaX, M0/SC
_cGB
_2CC
999 _c621764
_d621764